000 02283nam a22003137a 4500
005 20110629115330.0
010 _aB-435593-597
020 _a8182633613
_c25.00
035 _aB-435593-597
037 _bब्ल्यूबेरी बुक्स
082 _a
100 _aसावित्री
_930999
245 _aचुलबुल की पूँछ /
_cसावित्री; संजय सरकार द्वारा चित्रांकित
246 _aChulbul ki punchh
_bby Savitri
250 _a2रा संस्क.
260 _aनई दिल्ली
_bप्रथम बुक्स
_c2009
270 _a633-634, 4th "C" Main, 6th 'B' Cross, OMBR Layout, Banaswadi,
_bBangalore
_e560043
_k+91 11 41042483
300 _a20पृ.
_bसचित्र
_c20सेमी (अजिल्द)
700 _aसरकार, संजय
_928955
700 _928959
_aपुजारी, संतोष
700 _928960
942 _2ddc
_cCH
_h
_mसावित्री
999 _c53378
_d53378